000 00805nam0a22002411 4500
001 rc\641144
005 20250621193914.0
035 _a(NLR Aleph) 005882428
090 _a6092015
_c6092015
100 _a20031121d1986 |||y0rusy50 ca
101 0 _arus
102 _aRU
105 _aa |||||||||
200 1 _aМаневрирование судов в узкостях
_fПеревод с англ. Н.А. Кубачева
210 _aЛ.
_cСудостроение
_d1986
215 _a78, [1] с.
_cсхем.
_d22
300 _aПеревод изд.: Ship handling in narrow channels / Carlyle J. Plummer (Cambridge, 1978)
700 1 _aПламмер
_bК.Д.
_gКарлайл Дж.
801 0 _aRU
_bNLR
_gpsbo
801 1 _aRU
_bELAR
_2rusmarc
852 _aNLR
_j86-6/3100
942 _cBOOK
980 _aNB